Statystyki dla Z jakiego kraju Ukraina dostaje najwiecej pomocy

Kliknij tutaj aby rozwiązać quiz!

Ogólne statystyki

  • Ten quiz został rozwiązany 225 razy
  • Średni wynik to 7 z 10

Statystyki odpowiedzi

L.p.Pomoc w mld $Odpowiedź% Poprawnych
3.1,8Polska
100%
4.1,2Niemcy
97%
1.25USA
97%
10.0,23Francja
90%
2.4,03Wielka Brytania
87%
5.0,93Kanada
75%
6.0,34Czechy
63%
8.0,25Australia
37%
9.0,25Estonia
35%
7.0,25Łotwa
35%

Rozkład punktacji

Percentyl według liczby udzielonych odpowiedzi

Procent ludzi z każdym wynikiem

Twoja historia wyników

Nie rozwiązałeś tego quizu